[Event "Mercredi 2022.08.31 ABCD"]
[Site "Montreal CAN"]
[Date "2022.09.27"]
[Round "2"]
[White "Cardin, Guillaume"]
[Black "Rodrigue-Lemieux, Shawn"]
[Result "1/2-1/2"]
[WhiteElo "2083"]
[BlackElo "2481"]
[PlyCount "105"]
[EventDate "2022.08.31"]
[EventType "tourn"]
[EventRounds "5"]
[EventCountry "CAN"]

1. d4 d5 2. c4 dxc4 3. e3 Nf6 4. Bxc4 e6 5. Nf3 c5 6. O-O cxd4 7. exd4 Be7 8.
Nc3 O-O 9. Re1 Nc6 10. a3 b6 11. d5 Na5 12. Ba2 Nxd5 13. Nxd5 exd5 14. Bxd5 Bb7
15. Bxb7 Nxb7 16. Qxd8 Bxd8 17. Bf4 Bf6 18. Be5 Bxe5 19. Rxe5 Nc5 20. Rd1 Rfc8
21. g3 Kf8 22. b4 Ne6 23. Nd4 Nc7 24. Nc6 Ne6 25. Nd4 Nc7 26. Nc6 Ne8 27. b5
Rc7 28. Red5 a6 29. a4 axb5 30. axb5 g6 31. Rd7 Kg7 32. Nd8 Kf6 33. f4 Raa7 34.
Rxc7 Nxc7 35. Nc6 Ra4 36. Rd6+ Kf5 37. Rd7 Nxb5 38. Rd5+ Kg4 39. Rxb5 Ra1+ 40.
Kf2 Ra2+ 41. Ke3 f6 42. Nd4 Rxh2 43. Ne2 g5 44. Rxb6 gxf4+ 45. gxf4 Rh3+ 46.
Kd4 f5 47. Re6 Ra3 48. Re3 Rxe3 49. Kxe3 h5 50. Kf2 h4 51. Kg2 h3+ 52. Kh2 Kf3
53. Ng1+ 1/2-1/2

[Event "Mercredi 2022.08.31 ABCD"]
[Site "Montreal CAN"]
[Date "2022.09.07"]
[Round "2"]
[White "Di Matteo, Alessio"]
[Black "Chapdelaine, Gwyn"]
[Result "1-0"]
[WhiteElo "1909"]
[BlackElo "1873"]
[PlyCount "79"]
[EventDate "2022.08.31"]
[EventType "tourn"]
[EventRounds "5"]
[EventCountry "CAN"]

1. d4 Nf6 2. c4 e6 3. Nc3 Bb4 4. e3 O-O 5. Bd3 d5 6. cxd5 exd5 7. Nge2 Re8 8.
O-O Nc6 9. a3 Bd6 10. b4 Ne7 11. Nb5 Bf5 12. Nxd6 Qxd6 13. Ng3 Bxd3 14. Qxd3
Ng6 15. f3 a5 16. b5 c5 17. Nf5 Qb6 18. a4 cxd4 19. Qxd4 Qe6 20. Qd3 Ne5 21.
Qb1 Rac8 22. Nd4 Qb6 23. Re1 Rc4 24. Bd2 Ned7 25. Nb3 Ra8 26. Qf5 g6 27. Qg5
Kg7 28. Nd4 Re8 29. Rec1 Re5 30. Qf4 Qc7 31. g4 Nc5 32. Rxc4 dxc4 33. Bxa5 Qe7
34. Bd8 Qxd8 35. Qxe5 b6 36. g5 Qd7 37. gxf6+ Kh6 38. Qf4+ g5 39. Nf5+ Kh5 40.
Qg4+ 1-0

[Event "Mercredi 2022.08.31 ABCD"]
[Site "Montreal CAN"]
[Date "2022.09.07"]
[Round "2"]
[White "Genzling, Jerome"]
[Black "Beaudry, Marc-Andre"]
[Result "0-1"]
[WhiteElo "1997"]
[BlackElo "2010"]
[PlyCount "44"]
[EventDate "2022.08.31"]
[EventType "tourn"]
[EventRounds "5"]
[EventCountry "CAN"]

1. e4 c5 2. Nf3 e6 3. d4 cxd4 4. Nxd4 Nc6 5. g3 d5 6. Nxc6 bxc6 7. Bg2 Ba6 8.
Bf4 Nf6 9. Nd2 Bc5 10. Nb3 Bb6 11. e5 Ne4 12. Bxe4 dxe4 13. Qg4 Qd5 14. Rd1 Qc4
15. Rd2 e3 16. fxe3 Bxe3 17. Qxg7 Bxd2+ 18. Kxd2 Qd5+ 19. Ke3 O-O-O 20. Re1 c5
21. Kf2 Bb7 22. Qg4 c4 0-1

[Event "Mercredi 2022.08.31 ABCD"]
[Site "Montreal CAN"]
[Date "2022.09.07"]
[Round "2"]
[White "Latorre, Vincent"]
[Black "Yu, Zong Yang"]
[Result "0-1"]
[WhiteElo "2136"]
[BlackElo "2489"]
[PlyCount "66"]
[EventDate "2022.08.31"]
[EventType "tourn"]
[EventRounds "5"]
[EventCountry "CAN"]

1. e4 c6 2. d4 d5 3. exd5 cxd5 4. Bd3 Nc6 5. c3 Qc7 6. Ne2 Bg4 7. O-O e6 8. Qe1
Nf6 9. f3 Bh5 10. Qh4 Bg6 11. Bxg6 fxg6 12. Nf4 Kf7 13. Nd3 e5 14. Nxe5+ Nxe5
15. dxe5 Bc5+ 16. Kh1 Qxe5 17. Re1 Qf5 18. Bg5 Rhe8 19. Nd2 Rxe1+ 20. Rxe1 Re8
21. Rxe8 Nxe8 22. Qf4 Bb6 23. Qxf5+ gxf5 24. c4 Ke6 25. cxd5+ Kxd5 26. g3 Kd4
27. Nb3+ Kd3 28. Bf4 a5 29. Nd2 Bd8 30. Nb3 b6 31. Be5 Bf6 32. Bb8 Bxb2 33. Bf4
Nf6 0-1

[Event "Mercredi 2022.08.31 ABCD"]
[Site "Montreal CAN"]
[Date "2022.09.07"]
[Round "2"]
[White "Leveille, Francois"]
[Black "Guipi Bopala, Prince Eric jr"]
[Result "1/2-1/2"]
[WhiteElo "2323"]
[BlackElo "2079"]
[PlyCount "93"]
[EventDate "2022.08.31"]
[EventType "tourn"]
[EventRounds "5"]
[EventCountry "CAN"]

1. e4 c6 2. d4 d5 3. e5 Bf5 4. Nf3 e6 5. Be2 Nd7 6. O-O Bg6 7. Nbd2 Nh6 8. Nb3
Be7 9. Bd2 O-O 10. c4 a5 11. cxd5 cxd5 12. a4 b6 13. Rc1 Rc8 14. Bxh6 gxh6 15.
Qd2 Kg7 16. Rxc8 Qxc8 17. Rc1 Qb7 18. Qc3 Bb4 19. Qc7 Qxc7 20. Rxc7 Nb8 21. Nc1
Re8 22. Na2 Re7 23. Rc8 Rb7 24. h3 Nd7 25. Bb5 Be4 26. Nh2 h5 27. Nf1 h4 28. f3
Bb1 29. Nxb4 axb4 30. Kf2 Nf8 31. Ke3 Ng6 32. Nd2 Bf5 33. Nb3 f6 34. exf6+ Kxf6
35. Nc1 Ne7 36. Rf8+ Kg7 37. Rd8 Rc7 38. Nd3 Rc2 39. Rd7 Kf6 40. Nxb4 Rxb2 41.
Na6 Rxg2 42. Nc7 Bxh3 43. Ne8+ Kf7 44. Nd6+ Kf6 45. Ne8+ Kf7 46. Nd6+ Kf6 47.
Ne8+ 1/2-1/2

[Event "Mercredi 2022.08.31 ABCD"]
[Site "Montreal CAN"]
[Date "2022.09.07"]
[Round "2"]
[White "Lima-Barbosa, Raphael"]
[Black "Singher, Jean-Pierre"]
[Result "0-1"]
[WhiteElo "1835"]
[BlackElo "1906"]
[PlyCount "70"]
[EventDate "2022.08.31"]
[EventType "tourn"]
[EventRounds "5"]
[EventCountry "CAN"]

1. d4 Nf6 2. c4 e6 3. Nc3 d5 4. cxd5 exd5 5. Bg5 Be7 6. e3 O-O 7. Bd3 Nbd7 8.
Qc2 Re8 9. Nge2 c6 10. O-O a6 11. Rad1 h6 12. Bh4 Ne4 13. Bg3 Nxg3 14. Nxg3 Nf6
15. Rfe1 Bd6 16. Nf1 Be6 17. Na4 Nd7 18. a3 a5 19. f3 Rc8 20. Qb1 b5 21. Nc3 b4
22. axb4 axb4 23. Na4 b3 24. e4 Bb4 25. Nc3 Qa5 26. Rc1 Qb6 27. f4 Qxd4+ 28.
Kh1 Nc5 29. Rcd1 Bxc3 30. exd5 Nxd3 31. Rxd3 Bf5 32. Rxe8+ Rxe8 33. Rxd4 Bxb1
34. bxc3 Re1 35. Kg1 Bd3 0-1

[Event "Mercredi 2022.08.31 ABCD"]
[Site "Montreal CAN"]
[Date "2022.09.07"]
[Round "2"]
[White "Plante, Michel"]
[Black "Mok, Yuen Tak"]
[Result "0-1"]
[WhiteElo "2008"]
[BlackElo "2056"]
[PlyCount "72"]
[EventDate "2022.08.31"]
[EventType "tourn"]
[EventRounds "5"]
[EventCountry "CAN"]

1. d4 d5 2. Nf3 Nf6 3. e3 c6 4. Nbd2 Bf5 5. Ne5 h6 6. Bd3 Bxd3 7. cxd3 e6 8.
O-O Bd6 9. f4 O-O 10. Qc2 Nfd7 11. Nb3 f6 12. Nxd7 Nxd7 13. Nc5 Bxc5 14. dxc5
e5 15. Bd2 Qe7 16. f5 Qxc5 17. Qxc5 Nxc5 18. Bb4 Nxd3 19. Bxf8 Kxf8 20. b4 a5
21. bxa5 Rxa5 22. a4 Ke7 23. Rfb1 Nc5 24. Rb4 e4 25. Rbb1 Kd6 26. g4 Kc7 27. h4
Nxa4 28. Kf2 b5 29. Rg1 Kd6 30. g5 hxg5 31. hxg5 Ra8 32. gxf6 gxf6 33. Rg7 Rc8
34. Kg3 c5 35. Rh1 c4 36. Rh6 c3 0-1

[Event "Mercredi 2022.08.31 ABCD"]
[Site "Montreal CAN"]
[Date "2022.09.07"]
[Round "2"]
[White "San Roman, Oscar"]
[Black "Gadbois, Patrick"]
[Result "0-1"]
[WhiteElo "1904"]
[BlackElo "1911"]
[PlyCount "54"]
[EventDate "2022.08.31"]
[EventType "tourn"]
[EventRounds "5"]
[EventCountry "CAN"]

1. e4 e6 2. d4 d5 3. exd5 exd5 4. Nf3 Nf6 5. Be2 Bd6 6. Bg5 O-O 7. O-O Re8 8.
Nc3 c6 9. Qd3 Bg4 10. Rae1 h6 11. Bh4 Nbd7 12. Nd1 Qc7 13. Bg3 Bxg3 14. fxg3
Ne4 15. Ne3 Ndf6 16. Ne5 Be6 17. g4 c5 18. c3 Rac8 19. Nf5 Bxf5 20. Rxf5 cxd4
21. cxd4 Qb6 22. Kf1 Qxb2 23. h4 Rc3 24. Qd1 Ng3+ 25. Kg1 Nxf5 26. gxf5 Qc2 27.
Qa1 Rec8 0-1

[Event "Mercredi 2022.08.31 ABCD"]
[Site "Montreal CAN"]
[Date "2022.09.14"]
[Round "3"]
[White "Autotte, Daniel"]
[Black "Wang, Rachel"]
[Result "0-1"]
[WhiteElo "1690"]
[BlackElo "1726"]
[PlyCount "126"]
[EventDate "2022.08.31"]
[EventType "tourn"]
[EventRounds "5"]
[EventCountry "CAN"]

1. d4 d5 2. Bf4 Nf6 3. e3 c5 4. c3 Nc6 5. Nd2 Bf5 6. Ngf3 e6 7. Ne5 cxd4 8.
exd4 Bd6 9. Ndf3 O-O 10. Nxc6 bxc6 11. Bxd6 Qxd6 12. Bd3 Bg4 13. O-O Rab8 14.
b3 Ne4 15. Rc1 f5 16. Be2 Bxf3 17. Bxf3 Rf6 18. g3 Ng5 19. Bg2 f4 20. Qg4 Nf7
21. Rfe1 Nh6 22. Qe2 Rbf8 23. Qe5 Qxe5 24. dxe5 Rg6 25. c4 f3 26. Bh3 Nf7 27.
cxd5 Ng5 28. Bf1 exd5 29. e6 Rxe6 30. Rxe6 Nxe6 31. Rxc6 Nd4 32. Rd6 Re8 33.
Rxd5 Ne2+ 34. Kh1 Nc3 35. Rf5 Re1 36. Rxf3 Rxf1+ 37. Kg2 Rc1 38. a4 Ne4 39. Re3
Nf6 40. Rd3 Rb1 41. h3 Rb2 42. Kf3 Kf7 43. g4 Ke6 44. Re3+ Kd6 45. Kg3 a5 46.
g5 Nd5 47. Rf3 Kc5 48. Rf7 Rxb3+ 49. f3 Ne3 50. Kf2 Kd4 51. Rxg7 Rb2+ 52. Ke1
Nf5 53. Rd7+ Ke3 54. Kd1 Nd4 55. Kc1 Rc2+ 56. Kb1 Rg2 57. Rd5 Nxf3 58. Rxa5
Rxg5 59. Ra8 Kd4 60. a5 Nd2+ 61. Ka2 Nc4 62. Rd8+ Kc3 63. Kb1 Nd2+ 0-1

[Event "Mercredi 2022.08.31 ABCD"]
[Site "Montreal CAN"]
[Date "2022.09.14"]
[Round "3"]
[White "Batorshyn, Ilia"]
[Black "Genzling, Jerome"]
[Result "1-0"]
[WhiteElo "2042"]
[BlackElo "1997"]
[PlyCount "49"]
[EventDate "2022.08.31"]
[EventType "tourn"]
[EventRounds "5"]
[EventCountry "CAN"]

1. d4 d5 2. c4 e6 3. Nc3 a6 4. e4 dxe4 5. Nxe4 Bb4+ 6. Nc3 c5 7. Be3 Nc6 8. Nf3
Nge7 9. dxc5 Bxc3+ 10. bxc3 Qa5 11. Qd2 O-O 12. Bd3 Rd8 13. Qc2 f5 14. O-O e5
15. Nd2 Be6 16. Nb3 Qc7 17. f4 e4 18. Be2 Na5 19. Nxa5 Qxa5 20. Qb3 Rd7 21. c6
bxc6 22. Bb6 Qb5 23. cxb5 Bxb3 24. axb3 cxb5 25. Bxb5 1-0

[Event "Mercredi 2022.08.31 ABCD"]
[Site "Montreal CAN"]
[Date "2022.09.14"]
[Round "3"]
[White "Beaudry, Marc-Andre"]
[Black "Plante, Michel"]
[Result "1-0"]
[WhiteElo "2010"]
[BlackElo "2008"]
[PlyCount "119"]
[EventDate "2022.08.31"]
[EventType "tourn"]
[EventRounds "5"]
[EventCountry "CAN"]

1. e4 d6 2. d4 Nf6 3. Nc3 Nbd7 4. Nf3 e5 5. Bc4 Be7 6. O-O c6 7. a4 Qc7 8. Re1
h6 9. a5 Nf8 10. Bb3 Bg4 11. d5 c5 12. Qd3 Ng6 13. a6 b6 14. Ba4+ Bd7 15. Bxd7+
Qxd7 16. Qb5 Qxb5 17. Nxb5 Kd7 18. Nd2 Ne8 19. Nb1 Bg5 20. N1c3 Bxc1 21. Raxc1
Ne7 22. f3 Rf8 23. g3 f5 24. Rf1 f4 25. g4 Ng8 26. Rb1 Ngf6 27. b4 Nc7 28. Nxc7
Kxc7 29. bxc5 dxc5 30. Nb5+ Kd7 31. Rfd1 Ne8 32. d6 Rf6 33. Rd5 Re6 34. c4 g6
35. h4 Kc6 36. Rbd1 Kd7 37. Kf2 Rc8 38. Nc7 Nxc7 39. dxc7+ Kxc7 40. Rd7+ Kc6
41. Rxa7 b5 42. cxb5+ Kxb5 43. Ra1 Rb6 44. Rb1+ Kc6 45. Ra1 Kb5 46. Rg7 Rxa6
47. Rxa6 Kxa6 48. Rxg6+ Kb5 49. Ke2 Rd8 50. Rxh6 c4 51. Rh7 c3 52. h5 Rd2+ 53.
Kf1 Rb2 54. h6 Kc4 55. Rc7+ Kd3 56. h7 Rh2 57. g5 c2 58. g6 Rh6 59. Rxc2 Kxc2
60. g7 1-0

[Event "Mercredi 2022.08.31 ABCD"]
[Site "Montreal CAN"]
[Date "2022.09.14"]
[Round "3"]
[White "Brassard, Sylvain"]
[Black "Baran, Marius"]
[Result "1-0"]
[WhiteElo "1694"]
[BlackElo "1781"]
[PlyCount "107"]
[EventDate "2022.08.31"]
[EventType "tourn"]
[EventRounds "5"]
[EventCountry "CAN"]

1. d4 Nf6 2. Bf4 e6 3. e3 c5 4. c3 Be7 5. Nd2 O-O 6. h3 b6 7. Ngf3 Bb7 8. Bd3
cxd4 9. exd4 d6 10. O-O Nbd7 11. Re1 Re8 12. a4 a6 13. Nc4 Qc7 14. Bh2 Bf8 15.
Qe2 Bc6 16. Ncd2 Qb7 17. Ne4 Nxe4 18. Bxe4 Bxe4 19. Qxe4 Qxe4 20. Rxe4 Nf6 21.
Ree1 Rec8 22. Kf1 Nd5 23. Nd2 b5 24. axb5 axb5 25. Ne4 e5 26. dxe5 dxe5 27.
Rad1 Nb6 28. Bxe5 Nc4 29. Rd5 Nxe5 30. Rxe5 b4 31. Rb5 bxc3 32. Nxc3 Rab8 33.
Rxb8 Rxb8 34. Rb1 Rb3 35. Ke2 Bb4 36. Nd1 Ba5 37. Ra1 Bc7 38. Ra8+ Bb8 39. Kd2
g6 40. Kc2 Rb7 41. Kc3 Kg7 42. Kc4 Be5 43. b4 Rd7 44. Ne3 Rd2 45. Ra3 Rxf2 46.
b5 Rf4+ 47. Kd5 Bb8 48. Rb3 Rf6 49. b6 Rd6+ 50. Kc5 Kf8 51. Nc4 Rf6 52. Ra3 Bh2
53. b7 Ke7 54. g3 1-0

[Event "Mercredi 2022.08.31 ABCD"]
[Site "Montreal CAN"]
[Date "2022.09.20"]
[Round "3"]
[White "Chapdelaine, Gwyn"]
[Black "San Roman, Oscar"]
[Result "1-0"]
[WhiteElo "1873"]
[BlackElo "1911"]
[PlyCount "53"]
[EventDate "2022.08.31"]
[EventType "tourn"]
[EventRounds "5"]
[EventCountry "CAN"]

1. e4 c5 2. Nc3 Nc6 3. g3 d6 4. Bg2 Nf6 5. Nge2 Bg4 6. d3 Nd4 7. h3 Bf3 8. O-O
Qd7 9. Bxf3 Nxf3+ 10. Kg2 Nd4 11. Nxd4 cxd4 12. Ne2 e5 13. c3 dxc3 14. Nxc3 Be7
15. Bg5 Ng8 16. Bxe7 Nxe7 17. d4 O-O-O 18. dxe5 dxe5 19. Qb3 Qe6 20. Qa3 Kb8
21. Rac1 a6 22. Na4 Rhe8 23. Nc5 Qc6 24. Rc3 Ka7 25. Rfc1 Rd2 26. Rc4 Rc8 27.
Nb3 1-0

[Event "Mercredi 2022.08.31 ABCD"]
[Site "Montreal CAN"]
[Date "2022.09.14"]
[Round "3"]
[White "Cote, Etienne"]
[Black "Kozlov, Guennadi"]
[Result "1-0"]
[WhiteElo "1769"]
[BlackElo "1752"]
[PlyCount "55"]
[EventDate "2022.08.31"]
[EventType "tourn"]
[EventRounds "5"]
[EventCountry "CAN"]

1. e4 e6 2. d4 d5 3. Nc3 Bb4 4. Nge2 dxe4 5. a3 Bxc3+ 6. Nxc3 c5 7. dxc5 Qxd1+
8. Kxd1 f5 9. Nb5 Na6 10. Nd6+ Ke7 11. Bxa6 bxa6 12. b4 Nf6 13. Ke2 Rd8 14. Bg5
h6 15. Bxf6+ Kxf6 16. Rhd1 Bd7 17. a4 Bc6 18. b5 Be8 19. Nxe8+ Rxe8 20. Rd7 Re7
21. Rad1 Rc8 22. c6 axb5 23. axb5 a6 24. c4 Ree8 25. c7 axb5 26. cxb5 g5 27. b6
Ra8 28. b7 1-0

[Event "Mercredi 2022.08.31 ABCD"]
[Site "Montreal CAN"]
[Date "2022.09.14"]
[Round "3"]
[White "Gadbois, Patrick"]
[Black "Lima-Barbosa, Raphael"]
[Result "0-1"]
[WhiteElo "1904"]
[BlackElo "1835"]
[PlyCount "120"]
[EventDate "2022.08.31"]
[EventType "tourn"]
[EventRounds "5"]
[EventCountry "CAN"]

1. d4 Nf6 2. Nf3 g6 3. c4 Bg7 4. Nc3 O-O 5. e4 d6 6. Be2 e5 7. O-O Nc6 8. Be3
Ng4 9. Bg5 f6 10. Bh4 Qe8 11. d5 Nb8 12. Nd2 Nh6 13. f3 a5 14. Bf2 Na6 15. a3
Bd7 16. Rb1 a4 17. b4 axb3 18. Nxb3 b6 19. Be3 f5 20. Bc1 f4 21. Nb5 g5 22. Rf2
Rf6 23. g4 fxg3 24. hxg3 Qg6 25. Qd3 Raf8 26. Be3 Nf7 27. g4 Nh8 28. Rbf1 h6
29. Na7 Qf7 30. Nc6 Ng6 31. Nb4 Nxb4 32. axb4 Nf4 33. Bxf4 Rxf4 34. Qe3 h5 35.
c5 bxc5 36. bxc5 hxg4 37. fxg4 Bxg4 38. Rxf4 exf4 39. Bxg4 fxe3 40. Be6 Qxe6
41. Rxf8+ Bxf8 42. dxe6 dxc5 43. Kf1 Kg7 44. Ke2 Kf6 45. Kxe3 Kxe6 46. Na5 Ke5
47. Nc4+ Ke6 48. Kf3 Bd6 49. Kg4 Bf4 50. Kf3 Kd7 51. Kg4 Kc6 52. Kf5 Kb5 53.
Nb2 c4 54. Nd1 Kc5 55. Nc3 c6 56. Ne2 Kd6 57. Nc3 Bd2 58. e5+ Ke7 59. Na2 c5
60. Ke4 Ke6 0-1

[Event "Mercredi 2022.08.31 ABCD"]
[Site "Montreal CAN"]
[Date "2022.09.14"]
[Round "3"]
[White "Guipi Bopala, Prince Eric jr"]
[Black "Cardin, Guillaume"]
[Result "0-1"]
[WhiteElo "2079"]
[BlackElo "2083"]
[PlyCount "64"]
[EventDate "2022.08.31"]
[EventType "tourn"]
[EventRounds "5"]
[EventCountry "CAN"]

1. d4 d5 2. c4 c6 3. cxd5 cxd5 4. Nc3 Nf6 5. Bf4 Nc6 6. e3 a6 7. Be2 Bf5 8. Nf3
Nh5 9. Bg5 h6 10. Bh4 g5 11. Bg3 Nxg3 12. hxg3 e6 13. Qb3 Na5 14. Qa4+ b5 15.
Nxb5 axb5 16. Bxb5+ Ke7 17. Ne5 Kf6 18. Qd1 Bb4+ 19. Kf1 Kg7 20. f4 f6 21. g4
fxe5 22. gxf5 exf4 23. exf4 Qb8 24. f6+ Kxf6 25. fxg5+ hxg5 26. Qf3+ Kg7 27.
Rxh8 Qxb5+ 28. Kg1 Rxh8 29. Qe3 Be7 30. Rf1 Rh1+ 31. Kxh1 Qxf1+ 32. Kh2 Qf4+
0-1

[Event "Mercredi 2022.08.31 ABCD"]
[Site "Montreal CAN"]
[Date "2022.09.14"]
[Round "3"]
[White "Mok, Yuen Tak"]
[Black "Adam, Rafael"]
[Result "0-1"]
[WhiteElo "2056"]
[BlackElo "2030"]
[PlyCount "78"]
[EventDate "2022.08.31"]
[EventType "tourn"]
[EventRounds "5"]
[EventCountry "CAN"]

1. e4 e5 2. Nf3 Nc6 3. Bc4 Bc5 4. c3 Nf6 5. d4 exd4 6. e5 d5 7. Bb5 Ne4 8. cxd4
Bb6 9. Nc3 O-O 10. Be3 Be6 11. O-O f5 12. exf6 Qxf6 13. Bxc6 Nxc3 14. bxc3 bxc6
15. a4 Ba5 16. Ne5 c5 17. Rc1 c4 18. Qd2 Bf5 19. f4 Qe6 20. h3 Rab8 21. g4 Be4
22. f5 Qe8 23. Bg5 Bb6 24. Kh2 c6 25. Rf2 Bc7 26. Bf4 c5 27. Re1 cxd4 28. cxd4
Qxa4 29. Bg3 Ba5 30. Qg5 Bxe1 31. f6 Rb7 32. fxg7 Rxf2+ 33. Bxf2 Bxf2 34. Qd8+
Kxg7 35. g5 Bg1+ 36. Kg3 Qa3+ 37. Kg4 Qe7 38. Qc8 Bxd4 39. Nc6 Qd7+ 0-1

[Event "Mercredi 2022.08.31 ABCD"]
[Site "Montreal CAN"]
[Date "2022.09.26"]
[Round "3"]
[White "Rodrigue-Lemieux, Shawn"]
[Black "Latorre, Vincent"]
[Result "1-0"]
[WhiteElo "2489"]
[BlackElo "2118"]
[PlyCount "79"]
[EventDate "2022.08.31"]
[EventType "tourn"]
[EventRounds "5"]
[EventCountry "CAN"]

1. d4 Nf6 2. Nf3 e6 3. Bf4 d5 4. e3 Bd6 5. Bg3 O-O 6. Nbd2 c5 7. c3 Nc6 8. Bd3
Qe7 9. Ne5 Nd7 10. Nxd7 Bxd7 11. Bxd6 Qxd6 12. dxc5 Qe7 13. O-O h6 14. b4 b6
15. cxb6 axb6 16. Nf3 Qf6 17. Qb3 Rfc8 18. Rfc1 Ne5 19. Nxe5 Qxe5 20. a4 Bc6
21. a5 bxa5 22. Rxa5 Rxa5 23. bxa5 d4 24. cxd4 Qxa5 25. Rc5 Qa1+ 26. Bf1 Qa8
27. Qc3 Bd7 28. h3 Rxc5 29. dxc5 Bc6 30. Qe5 Qb7 31. Kh2 Qb1 32. Qd6 Bd5 33.
Ba6 Qe4 34. f3 Qxe3 35. c6 Qb6 36. Bd3 Bxf3 37. Qd7 g6 38. c7 Bb7 39. Qd8+ Kg7
40. c8=Q 1-0

[Event "Mercredi 2022.08.31 ABCD"]
[Site "Montreal CAN"]
[Date "2022.09.14"]
[Round "3"]
[White "Singher, Jean-Pierre"]
[Black "Di Matteo, Alessio"]
[Result "1-0"]
[WhiteElo "1906"]
[BlackElo "1909"]
[PlyCount "67"]
[EventDate "2022.08.31"]
[EventType "tourn"]
[EventRounds "5"]
[EventCountry "CAN"]

1. d4 Nf6 2. Nf3 e6 3. e3 b6 4. Bd3 Bb7 5. O-O d5 6. Nbd2 Bd6 7. Ne5 O-O 8. f4
c5 9. c3 Nbd7 10. Qf3 h6 11. g4 a5 12. Rf2 Ba6 13. Bc2 Rc8 14. Rg2 cxd4 15.
exd4 Nh7 16. Qg3 Nxe5 17. fxe5 Be7 18. Nf3 Ng5 19. Bxg5 Bxg5 20. h4 Be3+ 21.
Kh1 g5 22. hxg5 Bxg5 23. Rh2 Kg7 24. Nxg5 Qxg5 25. Rh5 Qd2 26. Rh2 Be2 27. Re1
Qxc2 28. Rexe2 Qd1+ 29. Re1 Qa4 30. Qf4 Rh8 31. Qf6+ Kg8 32. g5 Rh7 33. g6 Rg7
34. gxf7+ 1-0

[Event "Mercredi 2022.08.31 ABCD"]
[Site "Montreal CAN"]
[Date "2022.09.14"]
[Round "3"]
[White "Yu, Zong Yang"]
[Black "Leveille, Francois"]
[Result "1/2-1/2"]
[WhiteElo "2489"]
[BlackElo "2323"]
[PlyCount "98"]
[EventDate "2022.08.31"]
[EventType "tourn"]
[EventRounds "5"]
[EventCountry "CAN"]

1. d4 Nf6 2. Nf3 g6 3. g3 Bg7 4. Bg2 O-O 5. O-O d6 6. Re1 Nbd7 7. e4 e5 8. Nc3
a6 9. a4 b6 10. d5 Nc5 11. b4 Ncd7 12. Be3 Ne8 13. Ra3 Bf6 14. Qc1 Be7 15. Bh6
Ng7 16. Ng5 Nf6 17. f3 Kh8 18. Nh3 Ng8 19. Bd2 Bd7 20. Nf2 f5 21. f4 exf4 22.
Bxf4 g5 23. Be3 Bf6 24. Ne2 Qe7 25. c4 a5 26. bxa5 Rxa5 27. Bd2 Rxa4 28. Rxa4
Bxa4 29. exf5 Nxf5 30. Nc3 Qd7 31. Nfe4 Bd4+ 32. Kh1 h6 33. Rf1 Bg7 34. Qb1 Qe8
35. Rxf5 Rxf5 36. Nxd6 cxd6 37. Qxf5 Bd7 38. Qf2 Nf6 39. Qxb6 Ng4 40. Qg1 Qc8
41. Ne4 Qxc4 42. h3 Nf6 43. Nxd6 Qa2 44. Bc3 Bxh3 45. Bxh3 Qxd5+ 46. Qg2 Qxd6
47. Qa8+ Ng8 48. Bxg7+ Kxg7 49. Qb7+ Qe7 1/2-1/2

[Event "Mercredi 2022.08.31 ABCD"]
[Site "Montreal CAN"]
[Date "2022.09.21"]
[Round "4"]
[White "Adam, Rafael"]
[Black "Beaudry, Marc-Andre"]
[Result "1-0"]
[WhiteElo "2030"]
[BlackElo "2010"]
[PlyCount "46"]
[EventDate "2022.08.31"]
[EventType "tourn"]
[EventRounds "5"]
[EventCountry "CAN"]

1. d4 Nf6 2. c4 g6 3. g3 Bg7 4. Bg2 O-O 5. Nc3 d6 6. Nf3 c5 7. O-O Nc6 8. d5
Na5 9. b3 Nxd5 10. cxd5 Bxc3 11. Bh6 Bg7 12. Qc1 Bg4 13. h4 b5 14. Bxg7 Kxg7
15. Qg5 Bxf3 16. Bxf3 Rc8 17. Bg4 Rc7 18. Qd2 b4 19. h5 Re8 20. Kg2 e5 21. dxe6
fxe6 22. hxg6 hxg6 23. Rh1 Qf6 1-0

[Event "Mercredi 2022.08.31 ABCD"]
[Site "Montreal CAN"]
[Date "2022.09.21"]
[Round "4"]
[White "Batorshyn, Ilia"]
[Black "Mok, Yuen Tak"]
[Result "1/2-1/2"]
[WhiteElo "2042"]
[BlackElo "2056"]
[PlyCount "169"]
[EventDate "2022.08.31"]
[EventType "tourn"]
[EventRounds "5"]
[EventCountry "CAN"]

1. e4 d5 2. exd5 Qxd5 3. Nc3 Qd8 4. d4 Nf6 5. Nf3 Bg4 6. h3 Bxf3 7. Qxf3 c6 8.
Be3 e6 9. Bd3 Nbd7 10. O-O Bd6 11. Rad1 O-O 12. Ne4 Nxe4 13. Qxe4 Nf6 14. Qh4
Re8 15. c4 h6 16. Bc2 Be7 17. Qg3 Kh8 18. Bd2 Bf8 19. Bc3 g6 20. Rfe1 Bg7 21.
Qf4 Kg8 22. Ba4 Nh5 23. Qe3 Qd7 24. Qf3 b5 25. Bb3 bxc4 26. Bxc4 Nf6 27. Bb3
Rec8 28. h4 h5 29. Bc2 Qd5 30. Qxd5 Nxd5 31. Bb3 Rab8 32. Rc1 Nf4 33. Bc4 Nd5
34. g3 Bf6 35. Red1 Kg7 36. Bb3 Kf8 37. Be1 Ke8 38. Rc5 Kd7 39. f3 Ne3 40. Rd3
Nf5 41. Bf2 Rb6 42. g4 hxg4 43. fxg4 Nd6 44. Ra5 Rb7 45. Rf3 Ke7 46. Ra4 Ne4
47. g5 Bg7 48. Be1 Rd8 49. Bc3 Rh8 50. Rf4 Ng3 51. Kg2 Nf5 52. Be1 Rd7 53. Bf2
Rhd8 54. Rc4 Bxd4 55. Rxc6 Bxf2 56. Rxf2 Nxh4+ 57. Kf1 Nf5 58. Ra6 Rc7 59. Rf3
Rd4 60. Rc3 Rdd7 61. Ba4 Rxc3 62. bxc3 Rc7 63. Ke2 Nd6 64. Kd3 Nc8 65. Bb3 Rc5
66. c4 Kd8 67. Kd4 Rxg5 68. c5 Rh5 69. Bc2 Rd5+ 70. Kc4 Rd7 71. Be4 Rc7 72. Bf3
g5 73. Kd4 Ke7 74. Bg4 Rb7 75. a3 Rd7+ 76. Ke3 f5 77. Be2 Rd5 78. Bc4 Re5+ 79.
Kf2 g4 80. Rc6 Kd7 81. Bb5 Kd8 82. Bc4 Kd7 83. Bb5 Kd8 84. Bc4 Kd7 85. Bb5
1/2-1/2

[Event "Mercredi 2022.08.31 ABCD"]
[Site "Montreal CAN"]
[Date "2022.09.21"]
[Round "4"]
[White "Cote, Etienne"]
[Black "Autotte, Daniel"]
[Result "1-0"]
[WhiteElo "1769"]
[BlackElo "1690"]
[PlyCount "59"]
[EventDate "2022.08.31"]
[EventType "tourn"]
[EventRounds "5"]
[EventCountry "CAN"]

1. e4 c5 2. Nf3 Nc6 3. Bb5 Nd4 4. Nxd4 cxd4 5. O-O a6 6. Ba4 b5 7. Bb3 e6 8. d3
Ne7 9. f4 d5 10. Nd2 Bb7 11. Qe1 dxe4 12. dxe4 Nc6 13. f5 e5 14. Nf3 Be7 15.
Bd5 Qd6 16. Qg3 Bf6 17. Bg5 Bxg5 18. Nxg5 Nd8 19. Nxf7 Nxf7 20. Bxb7 Ra7 21.
Bd5 O-O 22. f6 g6 23. Rad1 Rc7 24. Rxd4 Kh8 25. Rd3 Rxc2 26. Bxf7 Qc5+ 27. Kh1
Rxf7 28. Rd8+ Rf8 29. Rxf8+ Qxf8 30. Qxe5 1-0

[Event "Mercredi 2022.08.31 ABCD"]
[Site "Montreal CAN"]
[Date "2022.09.21"]
[Round "4"]
[White "Di Matteo, Alessio"]
[Black "San Roman, Oscar"]
[Result "1-0"]
[WhiteElo "1909"]
[BlackElo "1911"]
[PlyCount "87"]
[EventDate "2022.08.31"]
[EventType "tourn"]
[EventRounds "5"]
[EventCountry "CAN"]

1. d4 c6 2. c4 d5 3. Nf3 Bf5 4. Nc3 Nf6 5. e3 e6 6. cxd5 exd5 7. Bd3 Ne4 8. O-O
Bd6 9. Qc2 Qe7 10. Bxe4 Bxe4 11. Nxe4 dxe4 12. Nd2 f5 13. Qb3 Qf7 14. Nc4 Bc7
15. Qb4 b6 16. f3 Qe6 17. fxe4 fxe4 18. b3 Nd7 19. Ba3 Nf6 20. Rac1 Nd5 21.
Nd6+ Bxd6 22. Qxd6 Qxd6 23. Bxd6 Rc8 24. Ba3 Nf6 25. Rf5 Kf7 26. Rcf1 Rhe8 27.
Bd6 Re6 28. Be5 Rce8 29. h4 Kg6 30. g4 h6 31. h5+ Kf7 32. g5 hxg5 33. h6 Rf8
34. hxg7 Kxg7 35. Rxg5+ Kf7 36. Rf4 Ke7 37. Rg7+ Rf7 38. Rxf7+ Kxf7 39. Bxf6
Rxf6 40. Rxe4 Rf5 41. Rf4 Rxf4 42. exf4 Ke6 43. Kf2 Kd5 44. Ke3 1-0

[Event "Mercredi 2022.08.31 ABCD"]
[Site "Montreal CAN"]
[Date "2022.09.21"]
[Round "4"]
[White "Genzling, Jerome"]
[Black "Plante, Michel"]
[Result "1-0"]
[WhiteElo "1997"]
[BlackElo "2008"]
[PlyCount "41"]
[EventDate "2022.08.31"]
[EventType "tourn"]
[EventRounds "5"]
[EventCountry "CAN"]

1. e4 d6 2. d4 Nf6 3. Nc3 Nbd7 4. f4 e5 5. Nf3 exd4 6. Qxd4 c6 7. Bd2 d5 8.
O-O-O Bc5 9. Qd3 O-O 10. exd5 Ng4 11. Ng5 Ndf6 12. Nce4 Bf5 13. Qc3 Nxe4 14.
Nxe4 Bxe4 15. Qxc5 Qb6 16. Bb4 Nf2 17. Qxb6 axb6 18. Bxf8 Nxh1 19. Be7 Nf2 20.
Rd2 Ng4 21. d6 1-0